The pulpit commentary volume 7: (Record no. 17954)

000 -LEADER
fixed length control field 00508nam a22001697a 4500
003 - CONTROL NUMBER IDENTIFIER
control field OkBaRHE
005 - DATE AND TIME OF LATEST TRANSACTION
control field 20111026143051.0
008 - FIXED-LENGTH DATA ELEMENTS--GENERAL INFORMATION
fixed length control field 111025t xxu||||| |||| 00| 0 eng d
040 ## - CATALOGING SOURCE
Transcribing agency
050 ## - LIBRARY OF CONGRESS CALL NUMBER
Classification number BS 491
Item number .S77 vol. 7
100 ## - MAIN ENTRY--PERSONAL NAME
Personal name Spence,H. D. M.
9 (RLIN) 1661
245 ## - TITLE STATEMENT
Title The pulpit commentary volume 7:
Remainder of title Ezra, Nehemiah, Esther & Job.
260 ## - PUBLICATION, DISTRIBUTION, ETC. (IMPRINT)
Place of publication, distribution, etc Grand Rapids, MI
Name of publisher, distributor, etc WM. B. Eerdmans Publishing Company
Date of publication, distribution, etc 1950
300 ## - PHYSICAL DESCRIPTION
Extent v. (1-23)
Dimensions 24 cm.
650 ## - SUBJECT ADDED ENTRY--TOPICAL TERM
Topical term or geographic name as entry element Bible
General subdivision Commentaries.
9 (RLIN) 1662
942 ## - ADDED ENTRY ELEMENTS (KOHA)
Source of classification or shelving scheme
Koha item type Books
Copies
Withdrawn status Shelving location Date last seen Permanent Location Current Location Date acquired Copy number Barcode Source of classification or shelving scheme Koha item type Not for loan Full call number Price effective from Total Checkouts Date checked out Lost status Damaged status
 General Stacks2016-12-05RHEMA Bible Training CollegeRHEMA Bible Training College2011-10-27122269 Books BS 491 .S77 Vol. 72011-10-2722016-11-09